|
|
|
|
| LEADER |
00000nam0a2200000 4500 |
| 001 |
139681 |
| 005 |
20231101220818.0 |
| 010 |
|
|
|a 9785170355754
|
| 010 |
|
|
|a 978-5-478-00234-3
|
| 035 |
|
|
|a (RuTPU)RU\TPU\book\151315
|
| 090 |
|
|
|a 139681
|
| 100 |
|
|
|a 20080610d2008 km y0rusy50 ca
|
| 101 |
0 |
|
|a rus
|a tur
|
| 102 |
|
|
|a RU
|
| 105 |
|
|
|a y e 001zy
|
| 200 |
1 |
|
|a Русско-турецкий - турецко-русский словарь
|e около 30 000 слов и словосочетаний
|f О. Ю. Мансурова
|
| 210 |
|
|
|a Москва
|c Восток-Запад
|c АСТ
|d 2008
|
| 215 |
|
|
|a 928 с.
|
| 320 |
|
|
|a Библиография: с. 926.
|
| 330 |
|
|
|a Современный двуязычный турецко-русский и русско-турецкий словарь содержит около 30 тыс. слов и словосочетаний в каждой из частей. Издание рассчитано на самые широкие круги российских и турецких читателей. Оно будет полезно как студентам-тюркологам, так и людям, изучающим турецкий язык самостоятельно.
|
| 606 |
|
|
|a Турецкий язык
|2 stltpush
|3 (RuTPU)RU\TPU\subj\62162
|9 79307
|
| 610 |
1 |
|
|a лексика
|
| 610 |
1 |
|
|a словари
|
| 686 |
|
|
|a Ш163.12
|v LBC/SL-A
|2 rubbk
|
| 700 |
|
1 |
|a Мансурова
|b О. Ю.
|g Оксана Юрьевна
|
| 801 |
|
1 |
|a RU
|b 63413507
|c 20080610
|g PSBO
|
| 801 |
|
2 |
|a RU
|b 63413507
|c 20180803
|g PSBO
|
| 942 |
|
|
|c BK
|
| 959 |
|
|
|a 65/20080529
|d 1
|e 217,80
|f ЧЗИЛ:1
|